[Event "Turkey IS Bank Super League 2017"]
[Site "Darica-Kocaeli"]
[Date "2017.08.04"]
[Round "10"]
[White "Kiremitciyan, Ari"]
[Black "Can, Emre"]
[Result "0-1"]
[WhiteElo "2240"]
[BlackElo "2586"]
[Annotator "TA"]
[PlyCount "80"]
[EventType "team-tourn"]
[EventCountry "TUR"]
[SourceTitle "playchess.com"]
[Source "ChessBase"]
[SourceQuality "1"]

1. Nf3 g6 2. c4 Bg7 3. d4 f5 4. h3 d6 5. Nc3 Nf6 6. Bf4 c6 7. Qc2 O-O 8. e3 Qe8 9. Bh2 Nbd7 10. Be2 e5 11. O-O a6 12. b4 h6 13. c5 e4 14. Nd2 d5 15. a4 Rf7 16. b5 Nf8 17. bxc6 bxc6 18. a5 Ne6 19. f4 g5 20. Na4 gxf4 21. Bxf4 Nxf4 22. Rxf4 Be6 23. Nb6 Raa7 24. Qd1 Rf8 25. Qf1 Nh5 26. Bxh5 Qxh5 27. Qd1 Qg6 28. Qe2 Bf6 29. h4 Bd8 30. Kh2 Rg7 31. Nf1 Bc7 32. g3 Qf6 33. Ra4 Bxf4 34. exf4 Kh7 35. Qe3 Rfg8 36. Ra3 Qd8 37. Qe2 Bf7 38. Qxa6 Bh5 39. Re3 Bf3 40. Kh3 Qe8 0-1

[Event "Turkey IS Bank Super League 2017"]
[Site "Darica-Kocaeli"]
[Date "2017.08.04"]
[Round "10"]
[White "Tasdogen, Dincer"]
[Black "Uzumcu, Ahmet Utku"]
[Result "1-0"]
[WhiteElo "2215"]
[BlackElo "2223"]
[Annotator "NA"]
[PlyCount "59"]
[EventType "team-tourn"]
[EventCountry "TUR"]
[SourceTitle "playchess.com"]
[Source "ChessBase"]
[SourceQuality "1"]

1. e4 c5 2. Ne2 Nf6 3. Nbc3 d6 4. g3 g6 5. Bg2 Bg7 6. O-O O-O 7. d3 e5 8. f4 Nc6 9. h3 h6 10. f5 Nd4 11. g4 Bd7 12. Ng3 Nh7 13. Nd5 b5 14. c3 Nc6 15. Qf3 Ng5 16. Qf2 Re8 17. f6 Bf8 18. Bxg5 hxg5 19. Qd2 Bh6 20. h4 Bxg4 21. hxg5 Bf8 22. Kf2 Be6 23. Rh1 Bxd5 24. exd5 e4 25. Bxe4 Ne5 26. Rh4 Bh6 27. Kg2 Bg7 28. fxg7 Kxg7 29. Rah1 Qd7 30. Qf4 1-0

[Event "Turkey IS Bank Super League 2017"]
[Site "Darica-Kocaeli"]
[Date "2017.08.04"]
[Round "10"]
[White "Kesgin, Halit Kaan"]
[Black "Akdogan, Alperen"]
[Result "1/2-1/2"]
[WhiteElo "2207"]
[BlackElo "2151"]
[Annotator "NA RC"]
[PlyCount "99"]
[EventType "team-tourn"]
[EventCountry "TUR"]
[SourceTitle "playchess.com"]
[Source "ChessBase"]
[SourceQuality "1"]

1. e4 d5 2. exd5 Qxd5 3. Nc3 Qd6 4. d4 Nf6 5. Nf3 Bg4 6. h3 Bh5 7. g4 Bg6 8. Ne5 Nbd7 9. Nxg6 hxg6 10. Bg2 c6 11. Qd3 e6 12. Bd2 Qc7 13. O-O-O O-O-O 14. Ne2 e5 15. Qb3 Nb6 16. dxe5 Qxe5 17. Rhe1 Qc7 18. Bf4 Bd6 19. Rxd6 Rxd6 20. Qa3 Rhd8 21. Qxa7 g5 22. Bg3 Nfd5 23. Bxd5 Nxd5 24. Qa8+ Kd7 25. Bxd6 Rxa8 26. Bxc7 Kxc7 27. a3 b5 28. Nd4 Rh8 29. Nf3 f6 30. Rh1 Nf4 31. h4 gxh4 32. Rxh4 Rxh4 33. Nxh4 Nh3 34. f3 Ng1 35. Nf5 Nxf3 36. Nxg7 Kd6 37. b3 Nh2 38. Nf5+ Kd5 39. Ne3+ Kd4 40. a4 bxa4 41. bxa4 Nf3 42. Nf5+ Kc5 43. c3 Ne5 44. Nh6 Kb6 45. Kc2 Ka5 46. Ng8 Nxg4 47. Kd3 Kxa4 48. Ke4 Kb3 49. Kf4 Kxc3 50. Ke4 1/2-1/2

[Event "Turkey IS Bank Super League 2017"]
[Site "Darica-Kocaeli"]
[Date "2017.08.04"]
[Round "10"]
[White "Sevgi, Volkan"]
[Black "Apaydin, Fethi"]
[Result "1/2-1/2"]
[WhiteElo "2199"]
[BlackElo "2277"]
[Annotator "NA RC"]
[PlyCount "71"]
[EventType "team-tourn"]
[EventCountry "TUR"]
[SourceTitle "playchess.com"]
[Source "ChessBase"]
[SourceQuality "1"]

1. e4 c5 2. Nc3 a6 3. g4 e6 4. d3 Ne7 5. Bg5 Qc7 6. Qd2 b5 7. Bg2 Bb7 8. Bf4 d6 9. Nge2 Nbc6 10. h4 Qd7 11. g5 Nd4 12. Nxd4 cxd4 13. Ne2 Nc6 14. Bg3 Be7 15. f4 O-O 16. Bf2 e5 17. Bh3 Qc7 18. g6 fxg6 19. Be6+ Kh8 20. h5 g5 21. fxg5 Nd8 22. Bb3 Qd7 23. h6 Ne6 24. hxg7+ Kxg7 25. g6 h5 26. Rxh5 Rh8 27. Bxe6 Qxe6 28. Rxh8 Rxh8 29. O-O-O Qxa2 30. c3 b4 31. Nxd4 Bc8 32. Rg1 Qa1+ 33. Kc2 Qa4+ 34. Kc1 Qa1+ 35. Kc2 Qa4+ 36. Kc1 1/2-1/2

[Event "Turkey IS Bank Super League 2017"]
[Site "Darica-Kocaeli"]
[Date "2017.08.04"]
[Round "10"]
[White "Yazici, Ugur Doga"]
[Black "Bayyurt, Izge"]
[Result "1-0"]
[WhiteElo "2144"]
[BlackElo "1839"]
[Annotator "NA"]
[PlyCount "65"]
[EventType "team-tourn"]
[EventCountry "TUR"]
[SourceTitle "playchess.com"]
[Source "ChessBase"]
[SourceQuality "1"]

1. e4 d5 2. exd5 Nf6 3. Bb5+ Bd7 4. Be2 Nxd5 5. d4 g6 6. c4 Nb6 7. Nc3 Bg7 8. c5 Nc8 9. Nf3 O-O 10. O-O c6 11. h3 Be6 12. Be3 Nd7 13. Ng5 Bd5 14. Nxd5 cxd5 15. Qb3 e6 16. Qxb7 Rb8 17. Qa6 Rxb2 18. Rab1 Rxb1 19. Rxb1 e5 20. c6 Ndb6 21. dxe5 Bxe5 22. Nf3 Bc7 23. Nd4 Qd6 24. g3 Re8 25. Bf4 Qf6 26. Bxc7 Qxd4 27. Bb8 Nc4 28. Rd1 Qc5 29. Bf3 d4 30. Rc1 N8b6 31. Bxa7 Qb4 32. c7 d3 33. Bxb6 1-0

[Event "Turkey IS Bank Super League 2017"]
[Site "Darica-Kocaeli"]
[Date "2017.08.04"]
[Round "10"]
[White "Ozenir, Ekin Baris"]
[Black "Tanriverdi, Enes"]
[Result "0-1"]
[WhiteElo "2098"]
[BlackElo "2247"]
[Annotator "NA RC"]
[PlyCount "80"]
[EventType "team-tourn"]
[EventCountry "TUR"]
[SourceTitle "playchess.com"]
[Source "ChessBase"]
[SourceQuality "1"]

1. d4 g6 2. e4 Bg7 3. c4 d6 4. Nc3 Nf6 5. Be2 O-O 6. Nf3 e5 7. d5 a5 8. h3 Na6 9. Bg5 h6 10. Be3 Kh8 11. g4 Ng8 12. Nd2 f5 13. exf5 gxf5 14. gxf5 Bxf5 15. Nde4 Qh4 16. Bg4 Bh7 17. Qd2 Nf6 18. Ng3 Nb4 19. Bf5 Qxc4 20. Bxh6 Bxh6 21. Qxh6 Qf4 22. Qxf4 exf4 23. Bxh7 Kxh7 24. Nge2 Nc2+ 25. Kd2 Nxa1 26. Nxf4 Nc2 27. Kxc2 Ne4 28. Nxe4 Rxf4 29. Kd3 Re8 30. Re1 Re5 31. Re2 Rxd5+ 32. Ke3 Rf8 33. f4 Kh6 34. Rg2 Re8 35. Rg4 Rd1 36. Rh4+ Kg7 37. f5 d5 38. f6+ Kg8 39. Rg4+ Kf8 40. Ke2 Rd4 0-1

[Event "Turkey IS Bank Super League 2017"]
[Site "Darica-Kocaeli"]
[Date "2017.08.04"]
[Round "10"]
[White "Gulden, Egemen"]
[Black "Sanal, Vahap"]
[Result "0-1"]
[WhiteElo "2044"]
[BlackElo "2533"]
[Annotator "TA"]
[PlyCount "76"]
[EventType "team-tourn"]
[EventCountry "TUR"]
[SourceTitle "playchess.com"]
[Source "ChessBase"]
[SourceQuality "1"]

1. e4 e5 2. Nf3 Nc6 3. Nc3 Nf6 4. Bb5 Bd6 5. O-O O-O 6. a3 Re8 7. d3 h6 8. h3 a6 9. Bc4 Bc5 10. Be3 d6 11. Qd2 Be6 12. Bxe6 Rxe6 13. Nd5 Nd4 14. Bxd4 exd4 15. Nf4 Re8 16. Rae1 Ba7 17. Ne2 c5 18. Ng3 b5 19. Nf5 Kh7 20. g4 Ng8 21. g5 g6 22. Nxh6 Nxh6 23. gxh6 f6 24. Nh2 c4 25. Qf4 Re6 26. h4 Qg8 27. Kh1 Bb8 28. Ng4 Qf7 29. Rg1 Bc7 30. Qg3 d5 31. f4 dxe4 32. dxe4 Rf8 33. Qf3 f5 34. exf5 Qxf5 35. Rxe6 Qxe6 36. h5 Rxf4 37. hxg6+ Qxg6 38. Nf6+ Qxf6 0-1

[Event "Turkey IS Bank Super League 2017"]
[Site "Darica-Kocaeli"]
[Date "2017.08.04"]
[Round "10"]
[White "Celik, Eda"]
[Black "Avramidou, Anastasia"]
[Result "1/2-1/2"]
[WhiteElo "1939"]
[BlackElo "2247"]
[Annotator "TA"]
[PlyCount "106"]
[EventType "team-tourn"]
[EventCountry "TUR"]
[SourceTitle "playchess.com"]
[Source "ChessBase"]
[SourceQuality "1"]

1. e4 g6 2. d4 Bg7 3. Nc3 c6 4. g3 d6 5. Bg2 Nf6 6. Nge2 O-O 7. h3 Nbd7 8. O-O c5 9. Be3 Rb8 10. dxc5 Nxc5 11. e5 Nfd7 12. exd6 exd6 13. Qxd6 Be5 14. Qd2 b6 15. Nd4 Bb7 16. Bxb7 Rxb7 17. Nc6 Bxc3 18. Qxc3 Qf6 19. Qxf6 Nxf6 20. Bxc5 bxc5 21. b3 Rb6 22. Ne5 Re8 23. Nc4 Rbe6 24. Rad1 Re2 25. Ne3 Ne4 26. Kg2 Nd2 27. Rfe1 R8xe3 28. Rxd2 Rxg3+ 29. Kxg3 Rxd2 30. Re7 Rxc2 31. Rxa7 Kg7 32. Ra6 h5 33. Kg2 g5 34. a4 f6 35. Rc6 Rb2 36. Rxc5 Rxb3 37. a5 Kg6 38. a6 Ra3 39. Rc6 Ra5 40. Kg3 Kf5 41. Rb6 h4+ 42. Kf3 Ke5 43. Kg4 Ra4+ 44. Kf3 f5 45. Rb5+ Kf6 46. Rb6+ Kg7 47. Kg2 Ra3 48. Rc6 g4 49. hxg4 fxg4 50. Rc4 g3 51. Rg4+ Kf7 52. fxg3 hxg3 53. Rxg3 Rxa6 1/2-1/2

[Event "Turkey IS Bank Super League 2017"]
[Site "Darica-Kocaeli"]
[Date "2017.08.04"]
[Round "10"]
[White "Duran, Esma Doga"]
[Black "Ayazmali, Gizem"]
[Result "1-0"]
[WhiteElo "1939"]
[BlackElo "1849"]
[Annotator "NA"]
[PlyCount "135"]
[EventType "team-tourn"]
[EventCountry "TUR"]
[SourceTitle "playchess.com"]
[Source "ChessBase"]
[SourceQuality "1"]

1. d4 Nf6 2. c4 g6 3. Nc3 Bg7 4. e4 d6 5. Nf3 O-O 6. Be2 Nbd7 7. O-O c6 8. h3 e5 9. dxe5 dxe5 10. Be3 Qe7 11. Qc2 Nh5 12. Rfd1 Nc5 13. b4 Ne6 14. c5 Nhf4 15. Bc4 Ng5 16. Nxg5 Qxg5 17. Bxf4 exf4 18. Qd3 Qf6 19. Rac1 Be6 20. Bxe6 Qxe6 21. Qd7 Rad8 22. Qxe6 fxe6 23. Ne2 Be5 24. f3 Kf7 25. Kf2 Ke7 26. Ke1 Rxd1+ 27. Rxd1 Rd8 28. Rxd8 Kxd8 29. Kd2 b6 30. Kd3 Kd7 31. cxb6 axb6 32. a4 c5 33. bxc5 bxc5 34. Kc4 Kc6 35. Nc1 Bc7 36. Nd3 Bd6 37. e5 Bc7 38. Nxc5 Bxe5 39. Nxe6 h6 40. a5 Bb8 41. Nd4+ Kb7 42. Kd5 Bc7 43. Ne6 Bxa5 44. Nxf4 g5 45. Ne6 Kc8 46. Kd6 Bb4+ 47. Kc6 Bc3 48. g4 Bb2 49. Kd6 Bf6 50. Nf8 Kd8 51. Ke6 Bb2 52. Kf7 Bc3 53. Ne6+ Kd7 54. Ng7 Kd6 55. Nf5+ Ke5 56. Kg6 Kf4 57. Kxh6 Bd2 58. Nd6 Kxf3 59. Kh5 Kg2 60. Ne4 Bb4 61. Nxg5 Kg3 62. h4 Be7 63. Ne4+ Kf4 64. Nc3 Ke5 65. g5 Kf5 66. Nd5 Bf8 67. Ne3+ Ke4 68. Kg6 1-0

[Event "Turkey IS Bank Super League 2017"]
[Site "Darica-Kocaeli"]
[Date "2017.08.04"]
[Round "10"]
[White "Yassibag, Ipek Asli"]
[Black "Kargaci, Humeyra"]
[Result "1-0"]
[WhiteElo "1880"]
[BlackElo "1737"]
[Annotator "NA RC"]
[PlyCount "39"]
[EventType "team-tourn"]
[EventCountry "TUR"]
[SourceTitle "playchess.com"]
[Source "ChessBase"]
[SourceQuality "1"]

1. e4 e5 2. Nf3 Nc6 3. Bc4 Bc5 4. O-O Nf6 5. d4 exd4 6. e5 d5 7. exf6 dxc4 8. Re1+ Be6 9. Ng5 g6 10. Qf3 Qd7 11. Rxe6+ fxe6 12. f7+ Ke7 13. Ne4 Qd5 14. Bg5+ Kf8 15. Qf6 h6 16. Qxh8+ Kxf7 17. Qh7+ Kf8 18. Bxh6+ Ke8 19. Nf6+ Kd8 20. Nxd5 1-0

[Event "Turkey IS Bank Super League 2017"]
[Site "Darica-Kocaeli"]
[Date "2017.08.04"]
[Round "10"]
[White "Ayan, Bengu Sena"]
[Black "Onur, Cigdem"]
[Result "0-1"]
[WhiteElo "1862"]
[BlackElo "1699"]
[Annotator "NA RC"]
[PlyCount "64"]
[EventType "team-tourn"]
[EventCountry "TUR"]
[SourceTitle "playchess.com"]
[Source "ChessBase"]
[SourceQuality "1"]

1. d4 d5 2. Nf3 Nf6 3. g3 e6 4. Bg2 Be7 5. c4 O-O 6. O-O dxc4 7. Qc2 b5 8. a4 b4 9. Qxc4 Ba6 10. Qc2 Nbd7 11. Ne5 Nxe5 12. Bxa8 Qxd4 13. Bg2 Nd5 14. Re1 Ng4 15. e3 Qf6 16. h3 b3 17. Qd2 Bb4 18. Nc3 Nxc3 19. hxg4 Ne2+ 20. Rxe2 Bxd2 21. Rxd2 Rd8 22. Be4 Qe7 23. Ra3 Bc4 24. Ra1 c5 25. a5 Rd6 26. Bg2 Qd8 27. Rxd6 Qxd6 28. a6 Qd1+ 29. Kh2 Qe1 30. Kh3 Qg1 31. Ra5 Bf1 32. Bxf1 Qh1# 0-1

[Event "Turkey IS Bank Super League 2017"]
[Site "Darica-Kocaeli"]
[Date "2017.08.04"]
[Round "10"]
[White "Sade, Defne"]
[Black "Gundogan, Sinem Cagla"]
[Result "1/2-1/2"]
[WhiteElo "1654"]
[BlackElo "2000"]
[Annotator "NA"]
[PlyCount "145"]
[EventType "team-tourn"]
[EventCountry "TUR"]
[SourceTitle "playchess.com"]
[Source "ChessBase"]
[SourceQuality "1"]

1. e4 e5 2. Nf3 Nc6 3. Bb5 Nge7 4. Nc3 d6 5. Nd5 Bd7 6. d4 Ng6 7. O-O Be7 8. Nxe7 Qxe7 9. d5 Nb8 10. Bxd7+ Nxd7 11. Re1 O-O 12. c4 a5 13. b3 Nc5 14. Qc2 Qd7 15. Ng5 f6 16. Nh3 f5 17. exf5 Rxf5 18. Ng5 Raf8 19. f3 Nh4 20. Be3 b6 21. Ne4 Qf7 22. Bf2 Nxe4 23. Bxh4 Ng5 24. Bxg5 Rxg5 25. Kh1 Qh5 26. Re3 Rf4 27. g4 Qh6 28. Rae1 Qf6 29. Qg2 h5 30. h3 hxg4 31. hxg4 e4 32. Rxe4 Rxf3 33. Re8+ Kh7 34. Qh2+ Qh6 35. Qxh6+ Kxh6 36. Rh8+ Kg6 37. Re6+ Kf7 38. Re4 Rf1+ 39. Kg2 Ra1 40. Kf3 Rxa2 41. Rhe8 Re5 42. R4xe5 dxe5 43. Rxe5 Rb2 44. Re3 Rc2 45. Kf4 a4 46. bxa4 Rxc4+ 47. Re4 Rc5 48. Ke5 c6 49. Rd4 Ra5 50. Kd6 cxd5 51. Kc6 Rc5+ 52. Kd6 Kf6 53. g5+ Kxg5 54. Rxd5+ Rxd5+ 55. Kxd5 Kf6 56. Kc6 g5 57. Kxb6 g4 58. a5 g3 59. a6 g2 60. a7 g1=Q+ 61. Kb7 Qg2+ 62. Kb8 Qg8+ 63. Kb7 Qd5+ 64. Kb8 Qd6+ 65. Kb7 Qd7+ 66. Kb8 Qb5+ 67. Ka8 Qc6+ 68. Kb8 Ke7 69. a8=Q Qd6+ 70. Ka7 Qc5+ 71. Ka6 Qa3+ 72. Kb7 Qxa8+ 73. Kxa8 1/2-1/2

[Event "Turkey IS Bank Super League 2017"]
[Site "Darica-Kocaeli"]
[Date "2017.08.04"]
[Round "11"]
[White "Najer, Evgeniy"]
[Black "Kanmazalp, Ogulcan"]
[Result "1-0"]
[WhiteElo "2706"]
[BlackElo "2445"]
[Annotator "TA"]
[PlyCount "139"]
[EventType "team-tourn"]
[EventCountry "TUR"]
[SourceTitle "playchess.com"]
[Source "ChessBase"]
[SourceQuality "1"]

1. e4 c5 2. Nf3 d6 3. d4 cxd4 4. Nxd4 Nf6 5. Nc3 g6 6. Bc4 Bg7 7. O-O O-O 8. Re1 Nc6 9. Bb3 Bd7 10. Nf3 Bg4 11. h3 Bxf3 12. Qxf3 Nd4 13. Qd1 Nxb3 14. axb3 a6 15. Bg5 Re8 16. Qd2 Rc8 17. Rad1 Qc7 18. Re2 Qc5 19. Be3 Qc6 20. Bh6 Bh8 21. Nd5 Nxd5 22. exd5 Qb5 23. Rde1 Bf6 24. Re4 Qd7 25. c3 e5 26. dxe6 Rxe6 27. Rxe6 fxe6 28. Bf4 d5 29. Be5 Rf8 30. Qe3 Kg7 31. Qd4 Qf7 32. Re2 Re8 33. h4 Bxe5 34. Rxe5 Qf6 35. g3 Kf7 36. Qe3 h5 37. Kf1 Re7 38. Ke1 Kg7 39. Ke2 Kf7 40. Kd1 Kg7 41. Kc1 Kf7 42. Kb1 Kg7 43. Ka2 Kf7 44. f3 Re8 45. f4 Qd8 46. Kb1 Qf6 47. Qd3 Rd8 48. Ka2 Re8 49. Rg5 Rg8 50. c4 dxc4 51. bxc4 Qd8 52. Qe4 Qd7 53. Ka3 Qd6+ 54. c5 Qc6 55. Qxc6 bxc6 56. Ka4 Rb8 57. b4 Kf6 58. Re5 Ke7 59. Re4 Kd7 60. Ka5 Re8 61. Re5 Kc7 62. Rg5 Rg8 63. g4 hxg4 64. h5 Rh8 65. hxg6 Rg8 66. g7 Kb7 67. Rxg4 Kc7 68. Rg6 Kb7 69. Rxe6 Rxg7 70. f5 1-0

[Event "Turkey IS Bank Super League 2017"]
[Site "Darica-Kocaeli"]
[Date "2017.08.04"]
[Round "11"]
[White "Cheparinov, Ivan"]
[Black "Mamedov, Rauf"]
[Result "1/2-1/2"]
[WhiteElo "2703"]
[BlackElo "2680"]
[Annotator "TA"]
[PlyCount "55"]
[EventType "team-tourn"]
[EventCountry "TUR"]
[SourceTitle "playchess.com"]
[Source "ChessBase"]
[SourceQuality "1"]

1. d4 d5 2. c4 c6 3. Nf3 Nf6 4. e3 g6 5. Nc3 Bg7 6. Be2 O-O 7. O-O dxc4 8. Bxc4 Bg4 9. Be2 Nbd7 10. e4 Bxf3 11. Bxf3 e5 12. dxe5 Nxe5 13. Be2 Qe7 14. Qc2 Rfd8 15. h3 c5 16. Bg5 Nc6 17. Rae1 h6 18. Nd5 Rxd5 19. Bxf6 Bxf6 20. exd5 Nd4 21. Qd2 Kg7 22. Bd3 Qd6 23. Be4 Re8 24. Qd3 b5 25. Re3 Bg5 26. Ree1 Bf6 27. Re3 Bg5 28. Ree1 1/2-1/2

[Event "Turkey IS Bank Super League 2017"]
[Site "Darica-Kocaeli"]
[Date "2017.08.04"]
[Round "11"]
[White "Kuzubov, Yuriy"]
[Black "Ali Marandi, Cemil Can"]
[Result "1-0"]
[WhiteElo "2646"]
[BlackElo "2526"]
[Annotator "TA"]
[PlyCount "57"]
[EventType "team-tourn"]
[EventCountry "TUR"]
[SourceTitle "playchess.com"]
[Source "ChessBase"]
[SourceQuality "1"]

1. Nf3 f5 2. d3 Nf6 3. Nc3 d6 4. e4 Nc6 5. Bg5 g6 6. Nh4 Bg7 7. exf5 gxf5 8. d4 O-O 9. Qd2 Ne4 10. Nxe4 fxe4 11. c3 d5 12. f3 h6 13. Bxh6 e5 14. Bxg7 Kxg7 15. Qf2 Qg5 16. dxe5 Nxe5 17. Be2 exf3 18. Nxf3 Nxf3+ 19. gxf3 Qf4 20. Qg3+ Qxg3+ 21. hxg3 Bf5 22. O-O-O c6 23. Rde1 Bg6 24. Bd1 Rf7 25. Re5 b5 26. Rg5 Re8 27. Bc2 Rf6 28. f4 Kf7 29. f5 1-0

[Event "Turkey IS Bank Super League 2017"]
[Site "Darica-Kocaeli"]
[Date "2017.08.04"]
[Round "11"]
[White "Safarli, Eltaj"]
[Black "Salgado Lopez, Ivan"]
[Result "0-1"]
[WhiteElo "2641"]
[BlackElo "2622"]
[Annotator "TA"]
[PlyCount "69"]
[EventType "team-tourn"]
[EventCountry "TUR"]
[SourceTitle "playchess.com"]
[Source "ChessBase"]
[SourceQuality "1"]

1. e4 c5 2. Nf3 Nc6 3. Bb5 Nf6 4. Nc3 g6 5. h3 Qc7 6. O-O Bg7 7. Re1 d6 8. e5 dxe5 9. Rxe5 a6 10. Bxc6+ Qxc6 11. Qe2 e6 12. Qc4 b6 13. d4 Bb7 14. dxc5 Nd7 15. Rg5 Nxc5 16. Be3 Nd7 17. Qb4 a5 18. Qa3 h6 19. Rg4 b5 20. Ne4 b4 21. Qd3 O-O 22. Rd1 Rad8 23. Rh4 f5 24. Nc5 Nxc5 25. Qxd8 Rxd8 26. Rxd8+ Kf7 27. Rc4 Qc7 28. Rd3 Bxf3 29. Rxc5 Bc6 30. a3 Bf8 31. Rc4 g5 32. axb4 axb4 33. Rd1 Kg6 34. b3 Qb7 35. Ra1 0-1

[Event "Turkey IS Bank Super League 2017"]
[Site "Darica-Kocaeli"]
[Date "2017.08.04"]
[Round "11"]
[White "Yilmaz, Mustafa"]
[Black "Tukhaev, Adam"]
[Result "1/2-1/2"]
[WhiteElo "2640"]
[BlackElo "2558"]
[Annotator "TA"]
[PlyCount "75"]
[EventType "team-tourn"]
[EventCountry "TUR"]
[SourceTitle "playchess.com"]
[Source "ChessBase"]
[SourceQuality "1"]

1. d4 d5 2. c4 dxc4 3. Nf3 a6 4. e3 b5 5. a4 Bb7 6. b3 e6 7. bxc4 bxc4 8. Bxc4 c5 9. O-O cxd4 10. Nxd4 Nf6 11. Nd2 Nbd7 12. Rb1 Qc7 13. Bb2 Bd6 14. h3 O-O 15. Qe2 Nc5 16. Rfc1 Qe7 17. Ba3 Rfc8 18. a5 Nce4 19. Bxd6 Nxd6 20. Bd3 e5 21. Rxc8+ Rxc8 22. N4b3 Nd5 23. Qf1 Nb4 24. Be2 g6 25. Rc1 Rc7 26. Rc5 Rxc5 27. Nxc5 Qc7 28. Ndb3 Ne4 29. Nxb7 Qxb7 30. Qc1 Qd5 31. Qc4 Qxc4 32. Bxc4 Nd6 33. Be2 f5 34. Nc5 Nc6 35. Nb3 Nb4 36. Nc5 Nc6 37. Nb3 Nb4 38. Nc5 1/2-1/2

[Event "Turkey IS Bank Super League 2017"]
[Site "Darica-Kocaeli"]
[Date "2017.08.04"]
[Round "11"]
[White "Solak, Dragan"]
[Black "Kravtsiv, Martyn"]
[Result "1/2-1/2"]
[WhiteElo "2624"]
[BlackElo "2657"]
[Annotator "TA"]
[PlyCount "40"]
[EventType "team-tourn"]
[EventCountry "TUR"]
[SourceTitle "playchess.com"]
[Source "ChessBase"]
[SourceQuality "1"]

1. e4 e5 2. Nf3 Nc6 3. Bb5 a6 4. Bxc6 dxc6 5. O-O Bg4 6. h3 h5 7. d3 Qf6 8. Be3 Bxf3 9. Qxf3 Qxf3 10. gxf3 Bd6 11. Nd2 Ne7 12. Rfd1 c5 13. Kf1 f5 14. exf5 O-O 15. Ke2 Nxf5 16. Rg1 Be7 17. Rg2 Nh4 18. Rg3 Nf5 19. Rg2 Nh4 20. Rg3 Nf5 1/2-1/2

[Event "Turkey IS Bank Super League 2017"]
[Site "Darica-Kocaeli"]
[Date "2017.08.04"]
[Round "11"]
[White "Tari, Aryan"]
[Black "Ozer, Omer Faruk"]
[Result "1/2-1/2"]
[WhiteElo "2595"]
[BlackElo "2411"]
[Annotator "TA"]
[PlyCount "61"]
[EventType "team-tourn"]
[EventCountry "TUR"]
[SourceTitle "playchess.com"]
[Source "ChessBase"]
[SourceQuality "1"]

1. e4 c5 2. Nf3 e6 3. d4 cxd4 4. Nxd4 Nc6 5. Nc3 Qc7 6. Be3 a6 7. Qd2 Nf6 8. f3 Be7 9. O-O-O b5 10. g4 Nxd4 11. Bxd4 Bb7 12. Kb1 O-O 13. g5 Nh5 14. Ne2 f5 15. gxf6 Bxf6 16. Bxf6 Nxf6 17. h4 Rf7 18. Nd4 Nh5 19. Rg1 Nf4 20. Re1 Qb6 21. Qe3 Kh8 22. c4 bxc4 23. Bxc4 Rb8 24. Qd2 Nd3 25. Bxd3 Qxd4 26. Rgf1 d5 27. Qe3 Qb4 28. Re2 Rbf8 29. f4 e5 30. exd5 exf4 31. Qf3 1/2-1/2

[Event "Turkey IS Bank Super League 2017"]
[Site "Darica-Kocaeli"]
[Date "2017.08.04"]
[Round "11"]
[White "Mamedov, Nidjat"]
[Black "Mchedlishvili, Mikheil"]
[Result "1/2-1/2"]
[WhiteElo "2589"]
[BlackElo "2602"]
[Annotator "TA"]
[PlyCount "61"]
[EventType "team-tourn"]
[EventCountry "TUR"]
[SourceTitle "playchess.com"]
[Source "ChessBase"]
[SourceQuality "1"]

1. e4 e5 2. Nf3 Nc6 3. Bb5 Nf6 4. O-O Nxe4 5. Re1 Nd6 6. Nxe5 Be7 7. Bf1 O-O 8. Nf3 Ne8 9. d4 d5 10. h3 Bf5 11. c3 Nf6 12. Bf4 Ne4 13. Nbd2 Bd6 14. Bxd6 Qxd6 15. Nxe4 Bxe4 16. Nd2 Bg6 17. Qf3 Rae8 18. Bd3 Bxd3 19. Qxd3 Nd8 20. Nf3 c6 21. Re3 Rxe3 22. Qxe3 Ne6 23. Re1 Re8 24. Qe5 Qxe5 25. Rxe5 f6 26. Re3 Kf7 27. g3 Nc7 28. Rxe8 Nxe8 29. Kf1 Nd6 30. Nd2 Ke6 31. Ke2 1/2-1/2

[Event "Turkey IS Bank Super League 2017"]
[Site "Darica-Kocaeli"]
[Date "2017.08.04"]
[Round "11"]
[White "Can, Emre"]
[Black "Markus, Robert"]
[Result "1/2-1/2"]
[WhiteElo "2586"]
[BlackElo "2672"]
[Annotator "TA"]
[PlyCount "87"]
[EventType "team-tourn"]
[EventCountry "TUR"]
[SourceTitle "playchess.com"]
[Source "ChessBase"]
[SourceQuality "1"]

1. d4 Nf6 2. c4 d6 3. Nf3 Nbd7 4. Nc3 e5 5. e4 g6 6. Be2 Bg7 7. O-O O-O 8. Be3 Ng4 9. Bg5 f6 10. Bd2 Nh6 11. Qc2 Nf7 12. Rad1 c6 13. Be3 Re8 14. b4 exd4 15. Nxd4 Qc7 16. h3 a5 17. a3 axb4 18. axb4 Nf8 19. Rd2 Qe7 20. Rfd1 f5 21. exf5 gxf5 22. Bf1 Ng6 23. Nce2 Qe5 24. g3 Ra3 25. Rd3 Rxd3 26. Qxd3 Qf6 27. Qc2 Nfe5 28. Bg2 Qf7 29. Rc1 Kh8 30. b5 c5 31. Nf3 Nxf3+ 32. Bxf3 Be6 33. Nf4 Nxf4 34. Bxf4 Be5 35. Bxe5+ dxe5 36. Qc3 Qg7 37. Bd5 b6 38. Bxe6 Rxe6 39. Ra1 Re8 40. Ra6 Qb7 41. Qd3 f4 42. Qd6 fxg3 43. Qf6+ Kg8 44. Qg5+ 1/2-1/2

[Event "Turkey IS Bank Super League 2017"]
[Site "Darica-Kocaeli"]
[Date "2017.08.04"]
[Round "11"]
[White "Sanal, Vahap"]
[Black "Dastan, Muhammed Batuhan"]
[Result "1-0"]
[WhiteElo "2533"]
[BlackElo "2529"]
[Annotator "TA"]
[PlyCount "266"]
[EventType "team-tourn"]
[EventCountry "TUR"]
[SourceTitle "playchess.com"]
[Source "ChessBase"]
[SourceQuality "1"]

1. e4 c5 2. Nf3 d6 3. Bb5+ Nc6 4. O-O Bd7 5. c3 Nf6 6. Re1 a6 7. Ba4 b5 8. Bc2 Bg4 9. h3 Bh5 10. d3 e6 11. Nbd2 Be7 12. Nf1 Ne5 13. N1h2 Nxf3+ 14. Nxf3 O-O 15. g4 Bg6 16. Nh4 Nd7 17. Nxg6 hxg6 18. f4 e5 19. Rf1 d5 20. fxe5 Nxe5 21. Bf4 Nd7 22. e5 Bg5 23. Bg3 Be3+ 24. Kh1 d4 25. a4 b4 26. cxb4 cxb4 27. Bb3 Qe7 28. Qf3 Nc5 29. Bc4 Ne6 30. h4 g5 31. hxg5 Nxg5 32. Qg2 g6 33. Qc6 Kh7 34. Kg2 Rfc8 35. Rh1+ Kg7 36. Qd6 Ra7 37. Qxe7 Rxe7 38. b3 a5 39. Raf1 Rc6 40. Rh2 Re8 41. Bh4 Rc7 42. Bg3 Rc6 43. Kh1 Re7 44. Re2 Re8 45. Kg2 Rc5 46. Ree1 Ne6 47. Rf6 Bg5 48. Rf3 Be3 49. Ref1 Rc7 50. Rh1 Rcc8 51. Rf6 Bg5 52. Rff1 Be3 53. Kf3 Ng5+ 54. Ke2 Rc5 55. Kd1 Rcc8 56. Rh2 Rc5 57. Bh4 Rc7 58. Rfh1 Rxe5 59. Bg3 Rce7 60. Rh8 Re8 61. Bxe5+ Rxe5 62. Ra8 Rc5 63. Rf1 Kh6 64. Ra6 Kg7 65. Ra7 Kh6 66. Rb7 Rc8 67. Rb5 Ra8 68. Rc5 Ra7 69. Rb5 Kg7 70. Re5 Nh3 71. Kc2 Ng5 72. Rh1 Nh7 73. Rc5 Nf6 74. g5 Nh7 75. Rh3 Bf4 76. Rh4 Be3 77. Rg4 Nf8 78. Re4 f5 79. gxf6+ Kxf6 80. Re8 Bh6 81. Rcc8 Nh7 82. Rc6+ Kf5 83. Re4 Be3 84. Rc5+ Kf6 85. Re6+ Kg7 86. Rcc6 Nf8 87. Re8 g5 88. Kd1 Bf4 89. Ke2 Rd7 90. Ra6 Be3 91. Rxa5 Ng6 92. Rg8+ Kh7 93. Kf1 Rd6 94. Rf5 Kh6 95. Re8 Nh4 96. Rff8 Kh5 97. Re4 Ng6 98. Rf7 Nf4 99. Re5 Kg4 100. Rg7 Nh5 101. Be6+ Kf3 102. Rf7+ Nf4 103. Bc8 Rh6 104. Bb7+ Kg4 105. Bc8+ Kf3 106. Bb7+ Kg4 107. Rg7 Nxd3 108. Bc8+ Kg3 109. Rxe3+ dxe3 110. Ke2 Nc1+ 111. Kxe3 Nxb3 112. Rxg5+ Kh2 113. Kf2 Nd4 114. Rg2+ Kh1 115. Bb7 Nc6 116. Rg4 Rf6+ 117. Ke3 Kh2 118. Bxc6 Rxc6 119. Rxb4 Ra6 120. Kd4 Ra5 121. Kc4 Kg3 122. Kb3 Kf3 123. Rh4 Ra8 124. Kb4 Ke3 125. a5 Kd3 126. Kb5 Rg8 127. Rh5 Kd4 128. a6 Rg7 129. Rh4+ Kc3 130. Rh6 Kd4 131. Kb6 Kd5 132. a7 Rg8 133. Rh5+ Ke4 1-0